000 01068nmm a2200325 a 4500
001 ocm0001299379
003 TR-IsHL
005 20201028161810.0
008 160715s2009 tu tur
007 cr cn
020 _a9789944122795
035 _a1299379
_b(N$T)
050 0 4 _aHB3711
_b.T87 2009
090 0 4 _aHB3711
_b.T87 2009
245 1 0 _aTürkiye'de ve dünyada ekonomik bunalım 2008-2009
_h[electronic resource] /
_chazırlayan Bağımsız Sosyal Bilimciler
250 _a2. basım
260 _aİstanbul :
_bYordam Kitap,
_c2009
300 _a217 p.
650 4 _aEkonomi ve Finans
650 4 _aEconomics and Finance
650 0 _aBunalımlar
650 0 _aDepressions
650 0 _aKonjonktür dalgalanmaları
650 0 _aBusiness cycles
650 0 _aTürkiye
_xEkonomi politikası
650 0 _aTurkey
_xEconomic policy
650 7 _aBUSINESS & ECONOMICS / General
_2bisacsh
700 1 _aBağımsız Sosyal Bilimciler
856 4 0 _uhttp://search.ebscohost.com/login.aspx?direct=true&scope=site&db=e011xww&AN=1299379
999 _c14345
_d14345